00269nam a2200109Ia 4500008004100000082001300041082000800054245005800062245001500120260001500135300000900150231017s9999 xx 000 0 und d a620.1128 bETU 0aFatigue and Fracture Mechanics of Offshore Structures 0cL.S. Etube bL.S. Etube c30cm